<?xml version="1.0" encoding="UTF-8"?>
<collection xmlns="http://www.loc.gov/MARC21/slim">
 <record>
  <leader>     na                 </leader>
  <controlfield tag="001">INLIS000000000015157</controlfield>
  <controlfield tag="005">20260408093041</controlfield>
  <datafield tag="035" ind1=" " ind2=" ">
   <subfield code="a">0010-0426000008</subfield>
  </datafield>
  <datafield tag="245" ind1="1" ind2=" ">
   <subfield code="a">Fotografi dasar /</subfield>
   <subfield code="c">Arif Yulianto</subfield>
  </datafield>
  <datafield tag="100" ind1="0" ind2=" ">
   <subfield code="a">Arif Yulianto</subfield>
  </datafield>
  <datafield tag="300" ind1=" " ind2=" ">
   <subfield code="a">viii, 165 hlm.; 23 cm. :</subfield>
   <subfield code="b">Ilustrasi</subfield>
  </datafield>
  <datafield tag="700" ind1="0" ind2=" ">
   <subfield code="a">Tiara Azhari (editor)</subfield>
  </datafield>
  <datafield tag="260" ind1=" " ind2=" ">
   <subfield code="a">Yogyakarta :</subfield>
   <subfield code="b">Deepublish,</subfield>
   <subfield code="c">2022</subfield>
  </datafield>
  <datafield tag="082" ind1=" " ind2=" ">
   <subfield code="a">770.28</subfield>
  </datafield>
  <datafield tag="084" ind1=" " ind2=" ">
   <subfield code="a">770.28 ARI f</subfield>
  </datafield>
  <datafield tag="020" ind1=" " ind2=" ">
   <subfield code="a">978-623-02-5590-8</subfield>
  </datafield>
  <datafield tag="650" ind1=" " ind2=" ">
   <subfield code="a">Fotografi -- Buku pedoman</subfield>
  </datafield>
  <datafield tag="520" ind1=" " ind2=" ">
   <subfield code="a">Buku ini menguraikan berbagai peranan dalam dunia fotografi dalam setiap momen hidup kita. Bidang kegiatan fotografi sangat luas dan terbuka bagi para pemotret untuk menekuninya. Banyak sekali momen dalam setiap waktu yang bergulir dalam hidup dengan segala pirantinya, termasuk kamera foto. Supaya lebih paham baca terlebih dahulu daftar isi Buku Seni terbaik ini.&#13;
&#13;
Berikut Daftar Isi Buku Seni yang berjudul Buku Fotografi Dasar, diantaranya:&#13;
Bab 1 Sejarah Fotografi&#13;
Bab 2 Kamera&#13;
Bab 3 Tujuan Motret&#13;
Bab 4 Prinsip-Prinsip Komposisi Fotografi&#13;
Bab 5 Memulai dengan Fotografi Digital&#13;
Bab 6 Persiapan Memotret&#13;
Bab 7 Teknik Fotografi&#13;
Bab 8 Available Light&#13;
Bab 9 Belajar Etika Fotografi&#13;
Bab 10 Cara Menggunakan Kamera Paling Dasar&#13;
Bab 11 Menguasai Setting Kamera dan Memahami Efeknya&#13;
Bab 12 Fotografi Arsitektur dan Fotografi Refleksi&#13;
Bab 13 Fotografi Tekstur</subfield>
  </datafield>
  <controlfield tag="008">260408                c          0 ind  </controlfield>
  <datafield tag="990" ind1=" " ind2=" ">
   <subfield code="a">025.5149/PC/25</subfield>
  </datafield>
  <datafield tag="990" ind1=" " ind2=" ">
   <subfield code="a">025.5150/PC/25</subfield>
  </datafield>
  <datafield tag="990" ind1=" " ind2=" ">
   <subfield code="a">025.5151/PC/25</subfield>
  </datafield>
 </record>
</collection>
